Disney Movie Title Chain - Statistics

General Stats
  • This quiz has been taken 343 times
  • The average score is 12 of 15
Answer Stats
Hint Movie Name Missing Piece % Correct
A young girl falls down a rabbit hole Alice in ______ Wonderland
99%
An elephant learns to fly _______ Dumbo
98%
An alien and a little girl become best friends Lilo & ______ Stitch
96%
A princess is poisoned with an apple ____ White and the Seven Dwarfs Snow
95%
A human baby is raised by gorillas _______ Tarzan
94%
Two dogs fall in love Lady and the _____ Tramp
93%
The ruler of a nation is turned into a llama The Emperor's_____ Groove New
91%
Retelling of the classic Aurthurian legend The _____ in the Stone Sword
91%
A video game villain moves to another game _______ Ralph Wreck-It
89%
A man performs acts of bravery to become worthy of rejoining his godly parents _________ Hercules
84%
An orphaned kitten joins a gang of dogs in NYC _______ and Company Oliver
74%
A boy is transported to an exciting technological future Meet the _____ Robinsons
70%
Little mice go on a big adventure The _____ Rescuers
60%
A boy joins a pirate's crew Treasure _______ Planet
59%
An egg is found by a group of prehistoric lemurs _______ Dinosaur
53%
No matching quizzes found
Score Distribution
Percent of People with Each Score
Percentile by Number Answered
Your Score History
You have not taken this quiz